000 01131nam a2200289 i 4500
001 113409
005 20230410102130.0
008 131004b2012 dr a 000 0 spa
041 0 _aspa
050 1 4 _a118 PQ 7405
_bC749e 2012
082 0 0 _a864.5
111 2 _aCongreso Internacional del Interiorismo San Lorenzo de el Escorial
_n(4 :
_cMadrid 6-8 de mayo de 2011)
245 1 0 _aEn el ameno huerto deseado :
_bponencias del IV Congreso Internacional del Interiorismo /
_cBruno Rosario Candelier [compilador]
260 _aSanto Domingo :
_bAteneo Insular Internacional,
_c2012.
300 _a401 p. ;
_c23 cm.
440 0 _aColección "Por las amenas liras" ;
_v12.
504 _aIncluye índice
600 1 0 _aRosario Candelier, Bruno,
_d1941-
_xCriticism and interpretation
_vCongresses.
650 _aSpirituality in literature
_vCongresses.
650 0 _aMysticism and poetry
_vCongresses.
650 0 _aDominican literature
_y20th century.
650 0 _aLiterature
_xPhilosophy.
650 0 _aEnsayos dominicanos.
650 0 _aLiteratura dominicana
700 1 _aRosario Candelier, Bruno,
_d1941-
942 _2lcc
_cbk
999 _c19690
_d19690